00369nam a2200133Ia 4500008004100000020001500041041001200056082001100068100001800079245006600097260004900163300000800212650001500220221030s9999 xx 000 0 und d a8122415229 aEnglish a105.23 aC. R. Kothari 0aResearch Methodology - Methods & Techniquescby C. R. Kothari bNew Age International Pub.aNew Delhic2009 a401 aManagement